Advanced accounting / (Record no. 104067)
[ view plain ]
| 000 -LEADER | |
|---|---|
| fixed length control field | 00650cam a22002298i 4500 |
| 001 - CONTROL NUMBER | |
| control field | 17893596 |
| 005 - DATE AND TIME OF LATEST TRANSACTION | |
| control field | 20180329104426.0 |
| 008 - FIXED-LENGTH DATA ELEMENTS--GENERAL INFORMATION | |
| fixed length control field | 130920s2015 nyu 001 0 eng |
| 020 ## - INTERNATIONAL STANDARD BOOK NUMBER | |
| International Standard Book Number | 9789814714501 |
| 040 ## - CATALOGING SOURCE | |
| Transcribing agency | PK-LaUMT |
| 082 00 - DEWEY DECIMAL CLASSIFICATION NUMBER | |
| Classification number | 657.046 |
| Edition number | 23 |
| Item number | HOY-A |
| 100 1# - MAIN ENTRY--PERSONAL NAME | |
| Personal name | Hoyle, Joe Ben |
| 245 10 - TITLE STATEMENT | |
| Title | Advanced accounting / |
| Statement of responsibility, etc | Joe B. Hoyle, Thomas F. Schaefer, and Timothy S. Doupnik |
| 250 ## - EDITION STATEMENT | |
| Edition statement | 12th ed. |
| 260 ## - PUBLICATION, DISTRIBUTION, ETC. (IMPRINT) | |
| Place of publication, distribution, etc | New York : |
| Name of publisher, distributor, etc | McGraw-Hill Education, |
| Date of publication, distribution, etc | 2015 |
| 300 ## - PHYSICAL DESCRIPTION | |
| Extent | xxiii, 904 p. ; |
| Dimensions | 29 cm |
| 500 ## - GENERAL NOTE | |
| General note | Includes index. |
| 650 #0 - SUBJECT ADDED ENTRY--TOPICAL TERM | |
| Topical term or geographic name as entry element | Accounting. |
| 700 1# - ADDED ENTRY--PERSONAL NAME | |
| Personal name | Schaefer, Thomas F. |
| 700 1# - ADDED ENTRY--PERSONAL NAME | |
| Personal name | Doupnik, Timothy S. |
| 942 ## - ADDED ENTRY ELEMENTS (KOHA) | |
| Koha item type | Books |
| Withdrawn status | Lost status | Damaged status | Home library | Current library | Date acquired | Full call number | Barcode | Date last seen | Price effective from | Koha item type |
|---|---|---|---|---|---|---|---|---|---|---|
| UMT Main Campus | UMT Main Campus | 2018-03-29 | 657.046 HOY-A | 120367 | 2022-09-22 | 2018-03-29 | Books |
